N'oubliez pas les paroles! #3 - Statistiques

Statistiques générales
  • Ce quiz a été pris 8 197 fois
  • Le résultat moyen est 21 sur 35
Réponses sur la Carte
Les réponses sont colorées sur une échelle allant du rouge au vert en fonction du pourcentage des utilisateurs qui les ont devinées à leur premier essai. Vous pouvez retrouver ces pourcentages ci-dessous.
 
Statistiques - réponses
Chanson Mot % Correct
1 le
86%
5 le
86%
5 le
86%
5 c
77%
3 de
77%
3 de
77%
3 de
77%
4 de
77%
4 en
71%
5 est
71%
4 t
71%
4 à
68%
4 la
68%
2 un
65%
2 enfant
60%
4 il
60%
2 pour
59%
5 qu
58%
5 on
56%
5 plus
54%
5 haut
53%
3 vodka
53%
5 point
51%
3 et
50%
1 frigidaire
50%
5 vers
50%
4 temps
46%
4 temps
46%
5 monte
43%
5 nos
41%
5 mains
40%
4 surface
40%
4 remonte
38%
3 saké
34%
3 sky
18%
Aucun quiz correspondant
Distribution des résultats
% des personnes avec chaque résultat
Percentile par nombre de réponses
Votre historique - résultats
Vous n’avez pas pris ce quiz